000 00206nam a22000857a 4500
008 170130b xxu||||| |||| 00| 0 eng d
100 _92652
_aLata.S.
245 _aMathsight
260 _aNew Delhi
_bBrittanica
_c2011
999 _c5804
_d5804